PRINCIPLES OF MICROECONOMICS (Record no. 25109)

MARC details
000 -LEADER
fixed length control field 00376nam a2200145Ia 4500
008 - FIXED-LENGTH DATA ELEMENTS--GENERAL INFORMATION
fixed length control field 240624s9999 xx 000 0 und d
041 ## - LANGUAGE CODE
Language code of text/sound track or separate title eng
082 ## - DEWEY DECIMAL CLASSIFICATION NUMBER
Classification number 338.5 MAN
100 ## - MAIN ENTRY--PERSONAL NAME
Personal name MANKIW N GREGORY
245 ## - TITLE STATEMENT
Title PRINCIPLES OF MICROECONOMICS
250 ## - EDITION STATEMENT
Edition statement (6th ed.)
260 ## - PUBLICATION, DISTRIBUTION, ETC.
Date of publication, distribution, etc. 2015
Place of publication, distribution, etc. New Delhi
Name of publisher, distributor, etc. Cengage Learning
300 ## - PHYSICAL DESCRIPTION
Extent xxiii, : 503 : p. : cm. ; 26
365 ## - TRADE PRICE
Currency code RS
Price amount 31
Holdings
Withdrawn status Lost status Damaged status Not for loan Home library Current library Shelving location Date acquired Source of acquisition Cost, normal purchase price Full call number Barcode Date last seen Copy number Price effective from Koha item type
        IMTN IMTN Rack 10-B 10/08/2015 WBD 499.00 338.5 MAN 25109 06/24/2024 1 06/24/2024 Books
Designed & Maintained by: LRC IMT Nagpur Contact: lrc@imtnag.ac.in© 2024. All Rights Reserved.